[Event "CZE-ch Seniors 70"]
[Site "Rychnov nad Kneznou"]
[Date "2015.08.18"]
[Round "4"]
[White "Tomandl, Vladimir"]
[Black "Tolar, Jan"]
[Result "0-1"]
[WhiteElo "1861"]
[BlackElo "1653"]
[PlyCount "76"]
[EventDate "2015.08.15"]
[EventType "swiss"]
[EventRounds "9"]
[EventCountry "CZE"]
[SourceTitle "EXT 2016"]
[Source "ChessBase"]
[SourceDate "2015.10.08"]
[SourceVersion "1"]
[SourceVersionDate "2015.10.08"]
[SourceQuality "1"]

1. e4 d5 2. exd5 Nf6 3. Nc3 Nxd5 4. d4 e6 5. Nxd5 Qxd5 6. c4 Bb4+ 7. Bd2 Qe4+ 8. Ne2 Bxd2+ 9. Qxd2 0-0 10. f3 Qh4+ 11. g3 Qe7 12. Bg2 c6 13. 0-0 Rd8 14. Qc3 Nd7 15. f4 Nf6 16. Rad1 Qc7 17. b4 b6 18. Nc1 Bb7 19. Nd3 a5 20. bxa5 Rxa5 21. Rd2 Rda8 22. Nc1 Ra3 23. Qc2 Ng4 24. Rf3 Ne3 25. Rxe3 Rxe3 26. Kf2 Rea3 27. Qe4 R3a7 28. Qe5 Qe7 29. f5 Qg5 30. Re2 Qxc1 31. fxe6 f6 32. Qc7 Ba6 33. Qxc6 Qxc4 34. Qxc4 Bxc4 35. Bxa8 Bxe2 36. Bd5 Bb5 37. e7+ Kh8 38. Bc4 Be8 0-1

[Event "Karlovy Vary op"]
[Site "Karlovy Vary"]
[Date "2009.04.29"]
[Round "1"]
[White "Tomandl, Vladimir"]
[Black "Maglia, Pavel"]
[Result "0-1"]
[WhiteElo "1841"]
[BlackElo "2075"]
[PlyCount "108"]
[EventDate "2009.04.29"]
[EventType "swiss"]
[EventRounds "7"]
[EventCountry "CZE"]
[SourceTitle "CBM 130 Extra"]
[Source "ChessBase"]
[SourceDate "2009.07.02"]
[SourceVersion "2"]
[SourceVersionDate "2009.07.15"]
[SourceQuality "1"]

1. e4 c5 2. Nf3 Nc6 3. d4 cxd4 4. Nxd4 a6 5. Nc3 e6 6. Be2 Qc7 7. 0-0 Nf6 8. Bf3 Be7 9. Nxc6 dxc6 10. Qe2 b5 11. e5 Nd5 12. Bd2 Bb7 13. Rad1 0-0 14. b3 Nxc3 15. Bxc3 b4 16. Bb2 a5 17. Be4 c5 18. Qf3 Bxe4 19. Qxe4 Rfd8 20. f4 Rac8 21. f5 Rxd1 22. Rxd1 exf5 23. Qxf5 g6 24. Qg4 h5 25. Qe4 Qc6 26. Qd5 Kf8 27. Qd2 Ke8 28. Qd5 Qxd5 29. Rxd5 a4 30. Kf2 axb3 31. axb3 Ra8 32. c4 bxc3 33. Bxc3 Ra3 34. Ke3 Rxb3 35. Kd3 Ra3 36. Kc4 Ra2 37. Rd2 Ra4+ 38. Kd5 Ra8 39. Rb2 Rc8 40. Ba5 c4 41. Rc2 Rc5+ 42. Kd4 Rxa5 43. h3 Rc5 44. Ra2 c3 45. Ra8+ Kd7 46. Ra7+ Ke6 47. Ra1 c2 48. Rc1 Rc8 49. Kd3 Bg5 50. Rxc2 Rxc2 51. Kxc2 Kxe5 52. Kd3 Kf4 53. Ke2 Kg3 54. Kf1 Be3 0-1